Las Troyanas / (Record no. 185245)

MARC details
000 -LEADER
campo de control de longitud fija 01052nam a2200301 i 4500
001 - NÚMERO DE CONTROL
campo de control 185245
003 - IDENTIFICADOR DE NÚMERO DE CONTROL
campo de control SpMaBN
005 - FECHA Y HORA DE LA ÚLTIMA TRANSACCIÓN
campo de control 20250522203442.0
008 - DATOS DE LONGITUD FIJA--INFORMACIÓN GENERAL
campo de control de longitud fija 160425s2009 sp aco |||| |dspa d
020 ## - NÚMERO INTERNACIONAL ESTÁNDAR DEL LIBRO
Número Internacional Estándar del Libro 978-84-87744-25-9
080 ## - NÚMERO DE LA CLASIFICACIÓN DECIMAL UNIVERSAL
Número de la Clasificación Decimal Universal 821.14-21"-04"
080 ## - NÚMERO DE LA CLASIFICACIÓN DECIMAL UNIVERSAL
Número de la Clasificación Decimal Universal 792(083.97)
245 04 - MENCIÓN DEL TÍTULO
Título Las Troyanas /
Mención de responsabilidad, etc. Eurípides ; versión, Ramón Irigoyen ; dirección, Mario Gas.
250 ## - MENCION DE EDICION
Mención de edición 1ª ed.
260 ## - PUBLICACIÓN, DISTRIBUCIÓN, ETC.
Lugar de publicación, distribución, etc. Madrid :
Nombre del editor, distribuidor, etc. Teatro Español,
Fecha de publicación, distribución, etc. 2009.
300 ## - DESCRIPCIÓN FÍSICA
Extensión 283 p. :
Otras características físicas il. col., fot. ;
Dimensiones 20 x 20 cm.
490 1# - MENCIÓN DE SERIE
Mención de serie Cuadernos del Teatro Español ;
Designación de volumen o secuencia 21
500 ## - NOTA GENERAL
Nota general En cub.: Temporada 2008 - Matadero Madrid. Naves del Español.
650 #7 - PUNTO DE ACCESO ADICIONAL DE MATERIA--TÉRMINO DE MATERIA
Término de materia o nombre geográfico como elemento de entrada Teatro-
Subdivisión general Programas.
9 (RLIN) 145288
700 0# - ENTRADA AGREGADA--NOMBRE PERSONAL
Nombre de persona Eurípides.
9 (RLIN) 48332
700 1# - ENTRADA AGREGADA--NOMBRE PERSONAL
Nombre de persona Irigoyen, Ramón,
Fechas asociadas al nombre 1942-
9 (RLIN) 65469
700 1# - ENTRADA AGREGADA--NOMBRE PERSONAL
Nombre de persona Gas, Mario (
Fechas asociadas al nombre 1947-)
9 (RLIN) 159439
710 2# - ENTRADA AGREGADA--NOMBRE DE ENTIDAD CORPORATIVA
Nombre de entidad corporativa o nombre de jurisdicción como elemento de entrada Teatro Español (Madrid)
9 (RLIN) 143020
830 0# - PUNTO DE ACCESO ADICIONAL DE SERIE-TÍTULO UNIFORME
Título uniforme Cuadernos del Teatro Español ;
Designación de volumen o secuencia 21
9 (RLIN) 189460
852 ## - LOCALIZACIÓN
Ubicación ES-MaACL
Número de control de estantería A-13717
itemnumber 192265
Sublocalización o colección R.150743
Ubicación en estantería Depósito 1
Signatura antigua Olim: N-6717
942 ## - ELEMENTOS DE ENTRADA SECUNDARIOS (KOHA)
Fuente del sistema de clasificación o colocación Clasificación decimal universal
Holdings
Estatus retirado Estado de pérdida Fuente del sistema de clasificación o colocación Estado de daño No para préstamo Biblioteca de origen Biblioteca actual Ubicación en estantería Fecha de adquisición Fuente de adquisición Total de préstamos Signatura topográfica completa Código de barras Visto por última vez Precio de reemplazo Tipo de ítem Koha
    Clasificación decimal universal     Biblioteca del Ateneo de Madrid Biblioteca del Ateneo de Madrid Depósito 1 25/04/2016 Donación   A-13717 1195159 23/02/2023 23/02/2023 Libro impreso